| 000 | 00708nam a2200229 a 4500 | ||
|---|---|---|---|
| 001 | 67262 | ||
| 003 | BD-RjUL | ||
| 005 | 20211209081630.0 | ||
| 008 | 170323s1959 enka b 001 0 eng | ||
| 020 |
_a0471342807 _a0471342815 (pbk.) |
||
| 035 | _a(BD-RjUL)67393 | ||
| 040 |
_aDLC _cDLC _dDLC _dBD-RjUL _beng |
||
| 041 | _aeng | ||
| 082 | 0 | 0 |
_a530.41 _bSOL V-6 1959 _223 |
| 245 | 1 | 0 |
_aSolid state physics / _cKarl Lark-Horovitz and Vivian Johnson |
| 260 |
_aNew York : _bAcademic press, _c1959 |
||
| 300 |
_axvii, 466 p. : _bill. ; _c23 cm. |
||
| 490 | 0 | _aMethods of experimental physics | |
| 504 | _aIncludes bibliographical references and index. | ||
| 650 | 0 |
_aSolid state physics. _923918 |
|
| 942 |
_2ddc _cBK |
||
| 999 |
_c67262 _d67262 |
||